000 00808nam a2200181Ia 4500
008 090124s9999 xx 000 0 und d
082 _b38604
100 _aभुर्के श्याम
245 _a पुल एक आनंदयात्रा विनोदी किशश्यांचा संग्रह
250 _a0
260 _bसन पब्लिकेशन्स
_c2001
300 _a90
600 _aभुर्के श्याम
630 _a पुल एक आनंदयात्रा विनोदी किशश्यांचा संग्रह
700 _aभुर्के श्याम
730 _a पुल एक आनंदयात्रा विनोदी किशश्यांचा संग्रह
942 _cBOOK
999 _c104626
_d104626